| 000 | 00743cam a2200253 i 4500 | ||
|---|---|---|---|
| 999 |
_c127341 _d127341 |
||
| 001 | 2697971 | ||
| 003 | ARRUPE | ||
| 005 | 20180111111536.0 | ||
| 008 | 750617s1975 fr b 000 0 fre | ||
| 010 | _a 75506867 | ||
| 015 | _aF*** | ||
| 020 |
_a2228114804 : _c99.00F |
||
| 040 |
_aDLC _cDLC _dDLC |
||
| 050 | 0 | 0 |
_aBD444 _b.T56 |
| 082 | 0 | 0 | _a128/.5 |
| 100 | 1 |
_aThomas, Louis-Vincent, _d1922- _938364 |
|
| 245 | 1 | 0 |
_aAnthropologie de la mort / _cLouis-Vincent Thomas. |
| 260 |
_aParis : _bPayot, _c1975. |
||
| 300 |
_a540 p. ; _c23 cm. |
||
| 490 | 0 | _aBibliothèque scientifique | |
| 504 | _aIncludes bibliographical references. | ||
| 650 | 0 |
_aDeath. _938365 |
|
| 906 |
_a7 _bcbc _corignew _d4 _encip _f19 _gy-gencatlg |
||
| 942 |
_2lcc _cMONOGRAPH |
||